|
|
|
|
| LEADER |
00000nam0a2200000 4500 |
| 001 |
352586 |
| 005 |
20231102010519.0 |
| 010 |
|
|
|a 900 экз.
|
| 035 |
|
|
|a (RuTPU)RU\TPU\retro\9249
|
| 090 |
|
|
|a 352586
|
| 100 |
|
|
|a 20200123d1928 k y0rusy50 ca
|
| 101 |
0 |
|
|a rus
|
| 102 |
|
|
|a RU
|
| 105 |
|
|
|a a z 000zy
|
| 200 |
1 |
|
|a Об изменении тембра с расстоянием. Статья 2
|e [оттиск статьи]
|f И. А. Соколов
|
| 210 |
|
|
|a Москва
|c ГЛАВНАУКА
|c Госиздат
|d 1928
|
| 215 |
|
|
|a С. 235-245
|c ил.
|
| 225 |
1 |
|
|a Журнал Прикладной Физики
|v Т. 5, вып. 3-4
|
| 316 |
|
|
|5 63413507: ШкА/5136
|a На обложке дарственная надпись: "В Библиотеку Сиб. Технологического Института. Автор"
|
| 320 |
|
|
|a Библиогр. в примеч.
|
| 606 |
1 |
|
|a Звуки и их восприятие
|2 stltpush
|3 (RuTPU)RU\TPU\subj\11502
|9 38429
|
| 610 |
1 |
|
|a коллекция ТПУ
|
| 610 |
1 |
|
|a труды учёных ТПУ
|
| 610 |
1 |
|
|a оттиски
|
| 610 |
1 |
|
|a дарственные надписи
|
| 610 |
1 |
|
|a дары автора
|
| 610 |
1 |
|
|a дары библиотеке
|
| 610 |
1 |
|
|a колебания
|
| 610 |
1 |
|
|a раздражение
|
| 610 |
1 |
|
|a формулы
|
| 610 |
1 |
|
|a расчеты
|
| 675 |
|
|
|a 534.3
|v 4
|
| 700 |
|
1 |
|a Соколов
|b И. А.
|c российский физик
|c профессор ТТИ (1924-1939)
|f 1881-1957
|g Илья Аркадьевич
|2 stltpush
|3 (RuTPU)RU\TPU\pers\21879
|9 9216
|
| 801 |
|
1 |
|a RU
|b 63413507
|c 20200123
|
| 942 |
|
|
|c BK
|